{"text_format":"3","workbook":"xlsx","n_sheets":1,"sheets":["最高限价报价表"],"not_rendered":{"defined_names":1},"read":"whole","date_system":"1900"}

{"sheet":"最高限价报价表","index":0,"n_rows":357,"n_cols":9,"rows_kept":357,"merged":[[0,0,0,1],[1,0,1,8],[3,0,4,0],[3,1,4,1],[3,2,4,2],[3,3,4,3],[3,4,4,4],[3,5,3,6],[3,7,3,8],[5,0,5,8],[168,0,168,8],[257,0,257,8],[286,0,286,8],[339,0,346,0],[339,1,340,1],[339,2,339,8],[340,2,340,8],[341,1,342,1],[341,2,341,8],[342,2,342,8],[343,1,344,1],[343,2,343,8],[344,2,344,8],[345,1,346,1],[345,2,345,8],[346,2,346,8],[347,1,347,8],[348,1,348,8],[349,3,349,8],[350,3,350,8],[351,3,351,8],[352,0,352,8],[354,0,354,8],[355,0,355,8],[356,0,356,8]]}
["附表三："]
["工艺管道报价表"]
["工程名称：铜铅锌多金属资源综合利用项目电气安装及综合管网管道安装工程"]
["序号","项目名称","项目特征描述","计量\n单位","工程量","最高限价(元)",null,"投标报价(元)"]
[{"$nulls":5},"最高限价","合价","单价","合价"]
["一标段"]
[1.1,"LS6低压蒸汽管道"]
["1","低压碳钢管","1.无缝钢管安装\r\n2.综合管架上安装\r\n3.φ325x8，20#\r\n4.氩电联焊","m",450,{"v":49.391999999999996,"d":"49.39"},{"$f":"F8*E8","v":{"v":22226.399999999998,"d":"22226.40"}}]
["2","低压碳钢管","1.无缝钢管安装\r\n2.综合管架上安装\r\n3.φ273x7，20#\r\n4.氩电联焊","m",72,{"v":44.9428,"d":"44.94"},{"$f":"F9*E9","v":{"v":3235.8815999999997,"d":"3235.88"}}]
["3","低压碳钢管","1.无缝钢管安装\r\n2.综合管架上安装\r\n3.φ219x6，20#\r\n4.氩电联焊","m",99,32.83,{"v":3250.1699999999996,"d":"3250.17"}]
["4","低压碳钢管","1.无缝钢管安装\r\n2.综合管架上安装\r\n3.φ159x4.5，20#\r\n4.氩电联焊","m",226,{"v":25.921,"d":"25.92"},{"v":5858.146,"d":"5858.15"}]
["5","低压碳钢管","1.无缝钢管安装\r\n2.φ108x4，20#\r\n3.氩电联焊","m",0.9,{"v":19.6588,"d":"19.66"},{"v":17.69292,"d":"17.69"}]
["6","低压碳钢管","1.无缝钢管安装\r\n2.综合管架上安装\r\n3.φ89x4，20#\r\n4.氩电联焊","m",120,{"v":11.6718,"d":"11.67"},{"v":1400.616,"d":"1400.62"}]
["7","低压碳钢管","1.无缝钢管安装\r\n2.57x3.5，20#\r\n3.氩电联焊","m",26.4,{"v":7.8988000000000005,"d":"7.90"},{"v":208.52832,"d":"208.53"}]
["8","低压碳钢管","1.无缝钢管安装\r\n2.45x3.5，20#\r\n3.氩电联焊","m",29.2,{"v":6.507199999999999,"d":"6.51"},{"v":190.01023999999998,"d":"190.01"}]
["9","低压碳钢管","1.无缝钢管安装\r\n2.32x3.5，20#\r\n3.氩电联焊","m",6.4,{"v":5.1744,"d":"5.17"},{"v":33.11616,"d":"33.12"}]
["10","低压碳钢管件","1.90°弯头安装\r\n2.综合管架上安装\r\n3.90EL300Ⅱx8，20#\r\n4.氩电联焊","个",4,{"v":328.153,"d":"328.15"},{"v":1312.612,"d":"1312.61"}]
["11","低压碳钢管件","1.90°弯头安装\r\n2.综合管架上安装\r\n3.90EL250Ⅱx6，20#\r\n4.氩电联焊","个",12,{"v":278.3004,"d":"278.30"},{"v":3339.6048,"d":"3339.60"}]
["12","低压碳钢管件","1.90°弯头安装\r\n2.综合管架上安装\r\n3.90EL200Ⅱx6，20#\r\n4.氩电联焊","个",14,{"v":192.962,"d":"192.96"},{"v":2701.468,"d":"2701.47"}]
["13","低压碳钢管件","1.90°弯头安装\r\n2.综合管架上安装\r\n3.90EL150Ⅱx4.5，20#\r\n4.氩电联焊","个",12,{"v":137.91539999999998,"d":"137.92"},{"v":1654.9847999999997,"d":"1654.98"}]
["14","低压碳钢管件","1.90°弯头安装\r\n2.综合管架上安装\r\n3.90EL80Ⅱx4，20#\r\n4.氩电联焊","个",10,{"v":64.23899999999999,"d":"64.24"},{"v":642.3899999999999,"d":"642.39"}]
["15","低压碳钢管件","1.90°弯头安装\r\n2.90EL50Ⅱx3.5，20#\r\n3.氩电联焊","个",8,{"v":42.6692,"d":"42.67"},{"v":341.3536,"d":"341.35"}]
["16","低压碳钢管件","1.90°弯头安装\r\n2.90EL40Ⅱx3.5，20#\r\n3.氩电联焊","个",8,{"v":32.4576,"d":"32.46"},{"v":259.6608,"d":"259.66"}]
["17","低压碳钢管件","1.90°弯头安装\r\n2.90EL25Ⅱx3.5，20#\r\n3.氩电联焊","个",30,{"v":22.226399999999998,"d":"22.23"},{"v":666.7919999999999,"d":"666.79"}]
["18","低压碳钢管件","1.等径三通安装\r\n2.综合管架上安装\r\n3.TS300Ⅱx8，20#\r\n4.氩电联焊","个",1,{"v":328.153,"d":"328.15"},{"v":328.153,"d":"328.15"}]
["19","低压碳钢管件","1.异径三通安装\r\n2.综合管架上安装\r\n3.TR300x300x250Ⅱx8，20#\r\n4.氩电联焊","个",1,{"v":328.153,"d":"328.15"},{"v":328.153,"d":"328.15"}]
["20","低压碳钢管件","1.异径三通安装\r\n2.TR50x50x25Ⅱx3.5，20#\r\n3.氩电联焊","个",4,{"v":42.6692,"d":"42.67"},{"v":170.6768,"d":"170.68"}]
["21","低压碳钢管件","1.异径三通安装\r\n2.TR40x40x25Ⅱx3.5，20#\r\n3.氩电联焊","个",4,{"v":32.4576,"d":"32.46"},{"v":129.8304,"d":"129.83"}]
["22","低压碳钢管件","1.同心异径管安装\r\n2.综合管架上安装\r\n3.RC150x50Ⅱx4.5，20#\r\n4.氩电联焊","个",4,{"v":137.91539999999998,"d":"137.92"},{"v":551.6615999999999,"d":"551.66"}]
["23","低压碳钢管件","1.同心异径管安装\r\n2.RC100x40Ⅱx4，20#\r\n3.氩电联焊","个",3,{"v":92.21799999999999,"d":"92.22"},{"v":276.654,"d":"276.65"}]
["24","低压碳钢管件","1.对焊接管座安装\r\n2.综合管架上安装\r\n3.WOL300x200Ⅱ-STD，20#\r\n4.氩电联焊","个",1,{"v":328.153,"d":"328.15"},{"v":328.153,"d":"328.15"}]
["25","低压碳钢管件","1.对焊接管座安装\r\n2.综合管架上安装\r\n3.WOL300x200Ⅱ-STD\r\n4.氩电联焊","个",1,{"v":328.153,"d":"328.15"},{"v":328.153,"d":"328.15"}]
["26","低压碳钢管件","1.对焊接管座安装\r\n2.综合管架上安装\r\n3.WOL300x150Ⅱ-STD，20#\r\n4.氩电联焊","个",6,{"v":328.153,"d":"328.15"},{"v":1968.9180000000001,"d":"1968.92"}]
["27","低压碳钢管件","1.对焊接管座安装\r\n2.综合管架上安装\r\n3.WOL200x100Ⅱ-STD\r\n4.氩电联焊","个",1,{"v":192.962,"d":"192.96"},{"v":192.962,"d":"192.96"}]
["28","低压碳钢管件","1.对焊接管座安装\r\n2.综合管架上安装\r\n3.WOL150x100Ⅱ-STD，20#\r\n4.氩电联焊","个",2,{"v":137.91539999999998,"d":"137.92"},{"v":275.83079999999995,"d":"275.83"}]
["29","低压碳钢管件","1.对焊接管座安装\r\n2.综合管架上安装\r\n3.WOL150x80Ⅱ-STD\r\n4.氩电联焊","个",1,{"v":137.91539999999998,"d":"137.92"},{"v":137.91539999999998,"d":"137.92"}]
["30","低压碳钢管件","1.对焊接管座安装\r\n2.综合管架上安装\r\n3.WOL80x40Ⅱ-STD\r\n4.氩电联焊","个",1,{"v":64.23899999999999,"d":"64.24"},{"v":64.23899999999999,"d":"64.24"}]
["31","低压法兰阀门","1.闸阀安装\r\n2.综合管架上安装\r\n3.DN300 PN16 Z41H-16C\r\n4.法兰连接","个",2,{"v":341.61819999999994,"d":"341.62"},{"v":683.2363999999999,"d":"683.24"}]
["32","低压法兰阀门","1.闸阀安装\r\n2.综合管架上安装\r\n3.DN200 PN16 Z41H-16C\r\n4.法兰连接","个",1,{"v":219.01039999999998,"d":"219.01"},{"v":219.01039999999998,"d":"219.01"}]
["33","低压法兰阀门","1.钢制截止阀安装\r\n2.综合管架上安装\r\n3.DN200 PN16 J41H-16C\r\n4.法兰连接","个",1,{"v":219.01039999999998,"d":"219.01"},{"v":219.01039999999998,"d":"219.01"}]
["34","低压法兰阀门","1.钢制截止阀安装\r\n2.综合管架上安装\r\n3.DN150 PN16 J41H-16C\r\n4.法兰连接","个",2,{"v":143.2956,"d":"143.30"},{"v":286.5912,"d":"286.59"}]
["35","低压法兰阀门","1.钢制截止阀安装\r\n2.综合管架上安装\r\n3.DN80 PN16 J41H-16C\r\n4.法兰连接","个",1,{"v":49.4802,"d":"49.48"},{"v":49.4802,"d":"49.48"}]
["36","低压法兰阀门","1.钢制不锈钢截止阀安装\r\n2.DN50 PN16 J41H-16P\r\n3.法兰连接","个",4,{"v":33.8786,"d":"33.88"},{"v":135.5144,"d":"135.51"}]
["37","低压法兰阀门","1.钢制不锈钢截止阀安装\r\n2.DN40 PN16 J41H-16P\r\n3.法兰连接","个",4,{"v":32.467400000000005,"d":"32.47"},{"v":129.86960000000002,"d":"129.87"}]
["38","低压法兰阀门","1.双金属蒸汽疏水阀安装\r\n2.DN25 PN16\r\n3.法兰连接\r\n4.主材甲供","个",8,{"v":30.2526,"d":"30.25"},{"v":242.0208,"d":"242.02"}]
["39","低压法兰阀门","1.钢制截止阀安装\r\n2.DN25 PN16\r\n3.法兰连接","个",8,{"v":30.2526,"d":"30.25"},{"v":242.0208,"d":"242.02"}]
["40","低压法兰阀门","1.除污器安装\r\n2.DN25 PN16\r\n3.法兰连接","个",8,{"v":30.2526,"d":"30.25"},{"v":242.0208,"d":"242.02"}]
["41","补偿器","1.单向导向套筒补偿器安装\r\n2.综合管架上安装\r\n3.DN300PN16，L=350mm（补偿量）BT DZTF-16C-350/300-I\r\n4.法兰连接\r\n5.主材甲供","个",4,{"v":256.5934,"d":"256.59"},{"v":1026.3736,"d":"1026.37"}]
["42","补偿器","1.单向导向套筒补偿器安装\r\n2.综合管架上安装\r\n3.DN150 PN16，L=250mm（补偿量）BT DZTF-16C-250/150-I\r\n4.法兰连接\r\n5.主材甲供","个",2,{"v":114.7972,"d":"114.80"},{"v":229.5944,"d":"229.59"}]
["43","低压碳钢焊接法兰","1.碳钢对焊法兰安装\r\n2.综合管架上安装\r\n3.DN300 PN16\r\n4.D型金属缠绕垫片\r\n5.氩电联焊","副",6,{"v":935.0767999999999,"d":"935.08"},{"v":5610.4608,"d":"5610.46"}]
["44","低压碳钢焊接法兰","1.碳钢对焊法兰安装\r\n2.综合管架上安装\r\n3.DN200 PN16\r\n4.D型金属缠绕垫片\r\n5.氩电联焊","副",2,{"v":654.1108,"d":"654.11"},{"v":1308.2216,"d":"1308.22"}]
["45","低压碳钢焊接法兰","1.碳钢对焊法兰安装\r\n2.综合管架上安装\r\n3.DN150 PN16\r\n4.D型金属缠绕垫片\r\n5.氩电联焊","副",4,{"v":460.5412,"d":"460.54"},{"v":1842.1648,"d":"1842.16"}]
["46","低压碳钢焊接法兰","1.碳钢对焊法兰安装\r\n2.综合管架上安装\r\n3.DN80 PN16\r\n4.D型金属缠绕垫片\r\n5.氩电联焊","副",1,{"v":233.52419999999998,"d":"233.52"},{"v":233.52419999999998,"d":"233.52"}]
["47","低压碳钢焊接法兰","1.碳钢对焊法兰安装\r\n2.DN50 PN16\r\n3.D型金属缠绕垫片\r\n4.氩电联焊","副",4,{"v":140.826,"d":"140.83"},{"v":563.304,"d":"563.30"}]
["48","低压碳钢焊接法兰","1.碳钢对焊法兰安装\r\n2.DN40 PN16\r\n3.D型金属缠绕垫片\r\n4.氩电联焊","副",4,{"v":113.484,"d":"113.48"},{"v":453.936,"d":"453.94"}]
["49","低压碳钢焊接法兰","1.碳钢对焊法兰安装\r\n2.DN25 PN16\r\n3.D型金属缠绕垫片\r\n4.氩电联焊","副",24,{"v":82.15339999999999,"d":"82.15"},{"v":1971.6816,"d":"1971.68"}]
["50","管道压力试验","1.管道液压实验\r\n2.DN300以内","m",522,7.84,4092.48]
["51","管道压力试验","1.管道液压实验\r\n2.DN200以内","m",325,{"v":5.5076,"d":"5.51"},1789.97]
["52","管道压力试验","1.管道液压实验\r\n2.DN100以内","m",121,{"v":3.9787999999999997,"d":"3.98"},{"v":481.43479999999994,"d":"481.43"}]
["53","管道压力试验","1.管道液压实验\r\n2.DN50以内","m",62,{"v":3.2144,"d":"3.21"},{"v":199.2928,"d":"199.29"}]
["54","管道系统吹扫","1.管道水冲洗\r\n2.DN300以内","m",522,{"v":12.4068,"d":"12.41"},{"v":6476.3496000000005,"d":"6476.35"}]
["55","管道系统吹扫","1.管道水冲洗\r\n2.DN200以内","m",325,{"v":6.791399999999999,"d":"6.79"},{"v":2207.205,"d":"2207.21"}]
["56","管道系统吹扫","1.管道水冲洗\r\n2.DN100以内","m",121,{"v":3.4593999999999996,"d":"3.46"},{"v":418.58739999999995,"d":"418.59"}]
["57","管道系统吹扫","1.管道水冲洗\r\n2.DN50以内","m",62,{"v":2.4402000000000004,"d":"2.44"},{"v":151.29240000000001,"d":"151.29"}]
[1.2,"LGO低压氧管安装"]
["58","低压不锈钢管","1.不锈钢无缝钢管安装\r\n2.综合管架上安装\r\n3.φ325x8，S30408\r\n4.氩弧焊","m",207,{"v":75.20519999999999,"d":"75.21"},{"v":15567.476399999998,"d":"15567.48"}]
["59","低压不锈钢管","1.不锈钢无缝钢管安装\r\n2.综合管架上安装\r\n3.φ219x6，S30408\r\n4.氩弧焊","m",450,{"v":47.0008,"d":"47.00"},21150.36]
["60","低压不锈钢管","1.不锈钢无缝钢管安装\r\n2.综合管架上安装\r\n3.φ133x4，S30408\r\n4.氩弧焊","m",270,{"v":28.1162,"d":"28.12"},{"v":7591.374,"d":"7591.37"}]
["61","低压不锈钢管件","1.90°弯头安装\r\n2.综合管架上安装\r\n3.90EL300Ⅱx8，S30408\r\n4.氩弧焊","个",6,{"v":407.484,"d":"407.48"},{"v":2444.904,"d":"2444.90"}]
["62","低压不锈钢管件","1.90°弯头安装\r\n2.综合管架上安装\r\n3.90EL219Ⅱx6，S30408\r\n4.氩弧焊","个",20,{"v":254.6726,"d":"254.67"},{"v":5093.451999999999,"d":"5093.45"}]
["63","低压不锈钢管件","1.90°弯头安装\r\n2.综合管架上安装\r\n3.90EL125Ⅱx4，S30408\r\n4.氩弧焊","个",8,{"v":139.9244,"d":"139.92"},{"v":1119.3952,"d":"1119.40"}]
["64","低压法兰阀门","1.氧气管道阻火器安装\r\n2.综合管架上安装\r\n3.DN300 PN10 FPV-30T\r\n4.法兰连接\r\n5.主材甲供","个",2,{"v":341.61819999999994,"d":"341.62"},{"v":683.2363999999999,"d":"683.24"}]
["65","低压法兰阀门","1.氧气管道阻火器安装\r\n2.综合管架上安装\r\n3.DN200 PN10 FPV-20T\r\n4.法兰连接\r\n5.主材甲供","个",2,{"v":219.01039999999998,"d":"219.01"},{"$f":"F73*E73","v":{"v":438.02079999999995,"d":"438.02"}}]
["66","低压法兰阀门","1.氧气专用截止阀安装\r\n2.综合管架上安装\r\n3.DN200 PN10 JY40W-10\r\n4.法兰连接\r\n5.主材甲供","个",1,{"v":219.01039999999998,"d":"219.01"},{"v":219.01039999999998,"d":"219.01"}]
["67","低压法兰阀门","1.氧气管道阻火器安装\r\n2.综合管架上安装\r\n3.DN125 PN10 FPV-12.5T\r\n4.法兰连接\r\n5.主材甲供","个",2,{"v":136.32780000000002,"d":"136.33"},{"v":272.65560000000005,"d":"272.66"}]
["68","低压不锈钢法兰","1.不锈钢平焊法兰安装\r\n2.DN300 PN10 S30408\r\n3.采用四氟垫片\r\n4.焊接","副",2,{"v":669.2028,"d":"669.20"},{"v":1338.4056,"d":"1338.41"}]
["69","低压不锈钢法兰","1.不锈钢平焊法兰安装\r\n2.DN200 PN10 S30408\r\n3.采用四氟垫片\r\n4.焊接","副",3,{"v":1709.6589999999999,"d":"1709.66"},{"v":5128.977,"d":"5128.98"}]
["70","低压不锈钢法兰","1.不锈钢平焊法兰安装\r\n2.DN125 PN10 S30408\r\n3.采用四氟垫片\r\n4.焊接","副",2,{"v":212.6012,"d":"212.60"},{"v":425.2024,"d":"425.20"}]
["71","管道压力试验","1.管道气压试验\r\n2.DN300\r\n3.采用无油干燥压缩空气或氮气","m",207,{"v":5.096,"d":"5.10"},{"v":1054.872,"d":"1054.87"}]
["72","管道压力试验","1.管道气压试验\r\n2.DN200以内\r\n3.采用无油干燥压缩空气或氮气","m",720,{"v":4.0572,"d":"4.06"},{"v":2921.1839999999997,"d":"2921.18"}]
["73","管道压力试验","1.管道泄漏性试验\r\n2.DN300以内","m",207,{"v":5.8604,"d":"5.86"},{"v":1213.1028000000001,"d":"1213.10"}]
["74","管道压力试验","1.管道泄漏性试验\r\n2.DN200以内","m",720,{"v":4.6844,"d":"4.68"},{"v":3372.768,"d":"3372.77"}]
["75","管道系统吹扫","1.管道压缩气体吹扫\r\n2.DN300\r\n3.采用无油干燥压缩空气或氮气","m",207,{"v":3.2242,"d":"3.22"},{"v":667.4094,"d":"667.41"}]
["76","管道系统吹扫","1.管道压缩气体吹扫\r\n2.DN200以内\r\n3.采用无油干燥压缩空气或氮气","m",720,{"v":2.597,"d":"2.60"},1869.84]
["77","管道脱脂","1.管道脱脂\r\n2.DN300","m",207,{"v":15.376199999999999,"d":"15.38"},{"v":3182.8734,"d":"3182.87"}]
["78","管道脱脂","1.管道脱脂\r\n2.DN200以内","m",720,{"v":9.5452,"d":"9.55"},{"v":6872.544,"d":"6872.54"}]
[1.3,"MGO中压氧管安装"]
["79","低压不锈钢管","1.不锈钢无缝钢管安装\r\n2.综合管架上安装\r\n3.φ45x3.5，S30408\r\n4.氩弧焊","m",144,{"v":8.9572,"d":"8.96"},{"v":1289.8368,"d":"1289.84"}]
["80","低压不锈钢管","1.不锈钢无缝钢管安装\r\n2.综合管架上安装\r\n3.φ38x3.5，S30408\r\n4.氩弧焊","m",480,{"v":6.997199999999999,"d":"7.00"},{"v":3358.656,"d":"3358.66"}]
["81","低压不锈钢管件","1.90°弯头安装\r\n2.综合管架上安装\r\n3.90EL45Ⅱx3.5，S30408\r\n4.氩弧焊","个",20,{"v":43.4532,"d":"43.45"},{"v":869.0640000000001,"d":"869.06"}]
["82","低压不锈钢管件","1.90°弯头安装\r\n2.综合管架上安装\r\n3.90EL38Ⅱx3.5，S30408\r\n4.氩弧焊","个",30,{"v":31.0954,"d":"31.10"},{"v":932.8620000000001,"d":"932.86"}]
["83","中压法兰阀门","1.氧气管道阻火器安装\r\n2.综合管架上安装\r\n3.DN40 PN25 FPV-4.0T\r\n4.法兰连接\r\n5.主材甲供","个",2,{"v":39.5528,"d":"39.55"},{"v":79.1056,"d":"79.11"}]
["84","中压法兰阀门","1.氧气专用截止阀安装\r\n2.综合管架上安装\r\n3.DN40 PN25 JY40W-25P\r\n4.法兰连接\r\n5.主材甲供","个",1,{"v":39.5528,"d":"39.55"},{"v":39.5528,"d":"39.55"}]
["85","中压法兰阀门","1.氧气管道阻火器安装\r\n2.综合管架上安装\r\n3.DN32 PN25 FPV-3.2T\r\n4.法兰连接\r\n5.主材甲供","个",2,{"v":39.151,"d":"39.15"},{"v":78.302,"d":"78.30"}]
["86","中压不锈钢法兰","1.不锈钢对焊法兰安装\r\n2.DN40 PN25 S30408\r\n3.采用柔性石墨复合垫片\r\n4.氩弧焊","副",3,{"v":150.087,"d":"150.09"},{"v":450.26099999999997,"d":"450.26"}]
["87","中压不锈钢法兰","1.不锈钢对焊法兰安装\r\n2.DN32 PN25 S30408\r\n3.采用柔性石墨复合垫片\r\n4.氩弧焊","副",2,{"v":126.02799999999999,"d":"126.03"},{"v":252.05599999999998,"d":"252.06"}]
["88","管道压力试验","1.管道气压试验\r\n2.DN50以内\r\n3.采用无油干燥压缩空气或氮气","m",624,{"v":2.4304,"d":"2.43"},{"v":1516.5696,"d":"1516.57"}]
["89","管道压力试验","1.管道泄漏性试验\r\n2.DN50以内","m",624,{"v":2.842,"d":"2.84"},{"v":1773.4080000000001,"d":"1773.41"}]
["90","管道系统吹扫","1.管道压缩气体吹扫\r\n2.DN50以内\r\n3.采用无油干燥压缩空气或氮气","m",624,{"v":1.5582,"d":"1.56"},{"v":972.3168000000001,"d":"972.32"}]
["91","管道脱脂","1.管道脱脂\r\n2.DN50以内","m",624,{"v":3.332,"d":"3.33"},{"v":2079.168,"d":"2079.17"}]
[1.4,"LGN、HGN氮气管道"]
["92","低压碳钢管","1.无缝钢管安装\r\n2.综合管架上安装\r\n3.φ45x3.5，20#\r\n4.电弧焊","m",270,{"v":5.782,"d":"5.78"},1561.14]
["93","低压碳钢管件","1.90°弯头安装\r\n2.综合管架上安装\r\n3.90EL40Ⅱx3.5，20#\r\n4.电弧焊","个",35,{"v":30.0762,"d":"30.08"},{"v":1052.667,"d":"1052.67"}]
["94","中压法兰阀门","1.钢制不锈钢截止阀安装\r\n2.综合管架上安装\r\n3.DN40 P25 J41H25P\r\n4.法兰连接","个",1,{"v":39.5528,"d":"39.55"},{"v":39.5528,"d":"39.55"}]
["95","中压碳钢焊接法兰","1.碳钢对焊法兰安装\r\n2.DN40 PN25 20#\r\n3.采用D型进金属缠绕垫片\r\n4.电弧焊","副",1,{"v":116.1202,"d":"116.12"},{"v":116.1202,"d":"116.12"}]
["96","管道压力试验","1.管道气压试验\r\n2.DN50以内\r\n3.采用无油干燥压缩空气或氮气","m",270,{"v":2.4304,"d":"2.43"},{"v":656.2080000000001,"d":"656.21"}]
["97","管道系统吹扫","1.管道压缩气体吹扫\r\n2.DN50以内\r\n3.采用无油干燥压缩空气或氮气","m",270,{"v":1.5582,"d":"1.56"},{"v":420.714,"d":"420.71"}]
[1.5,"PG01侧吹炉一次风"]
["98","低压碳钢管","1.无缝钢管安装\r\n2.综合管架上安装\r\n3.φ426x10，20#\r\n4.氩电联焊","m",216,{"v":64.0822,"d":"64.08"},{"v":13841.7552,"d":"13841.76"}]
["99","低压碳钢管","1.无缝钢管安装\r\n2.综合管架上安装\r\n3.φ273x7，20#\r\n4.氩电联焊","m",126,{"v":44.9428,"d":"44.94"},{"v":5662.7928,"d":"5662.79"}]
["100","低压碳钢管件","1.90°弯头安装\r\n2.综合管架上安装\r\n3.90EL400Ⅱx10，20#\r\n4.氩电联焊","个",6,{"v":469.24359999999996,"d":"469.24"},{"v":2815.4615999999996,"d":"2815.46"}]
["101","低压碳钢管件","1.90°弯头安装\r\n2.综合管架上安装\r\n3.90EL250Ⅱx7，20#\r\n4.氩电联焊","个",10,{"v":278.3004,"d":"278.30"},{"v":2783.0040000000004,"d":"2783.00"}]
["102","低压碳钢管件","1.偏心异径管安装\r\n2.综合管架上安装\r\n3.RE400x250Ⅱx10，20#\r\n4.氩电联焊","个",1,{"v":469.24359999999996,"d":"469.24"},{"v":469.24359999999996,"d":"469.24"}]
["103","低压碳钢管件","1.对焊接管座安装\r\n2.综合管架上安装\r\n3.WOL400x250Ⅱ-STD，20#\r\n4.氩电联焊","个",1,{"v":469.24359999999996,"d":"469.24"},{"v":469.24359999999996,"d":"469.24"}]
["104","低压法兰阀门","1.钢制不锈钢截止阀安装\r\n2.综合管架上安装\r\n3.DN250 PN16 J41H-16P\r\n4.法兰连接","个",4,{"v":303.3492,"d":"303.35"},{"v":1213.3968,"d":"1213.40"}]
["105","低压碳钢焊接法兰","1.碳钢对焊法兰安装\r\n2.综合管架上安装\r\n3.DN250 PN16\r\n4.D型金属缠绕垫片\r\n5.氩电联焊","副",4,{"v":812.812,"d":"812.81"},{"v":3251.248,"d":"3251.25"}]
["106","管道压力试验","1.管道气压试验\r\n2.DN400以内\r\n3.采用无油干燥压缩空气或氮气","m",216,{"v":6.566,"d":"6.57"},{"v":1418.2559999999999,"d":"1418.26"}]
["107","管道系统吹扫","1.管道压缩气体吹扫\r\n2.DN300以内\r\n3.采用无油干燥压缩空气或氮气","m",126,{"v":3.2242,"d":"3.22"},{"v":406.24920000000003,"d":"406.25"}]
[1.6,"DA、IA/净化、仪表压缩空气管"]
["120","低压不锈钢管","1.不锈钢无缝钢管安装\r\n2.综合管架上安装\r\n3.φ159x4.5，S30408\r\n4.氩弧焊","m",333,{"v":33.8688,"d":"33.87"},{"v":11278.3104,"d":"11278.31"}]
["121","低压不锈钢管","1.不锈钢无缝钢管安装\r\n2.综合管架上安装\r\n3.φ133x4.5，S30408\r\n4.电弧焊","m",180,{"v":28.1652,"d":"28.17"},{"v":5069.736,"d":"5069.74"}]
["122","低压不锈钢管","1.不锈钢无缝钢管安装\r\n2.综合管架上安装\r\n3.φ133x4，S30408\r\n4.电弧焊","m",220,{"v":28.1652,"d":"28.17"},{"v":6196.344,"d":"6196.34"}]
["123","低压不锈钢管","1.不锈钢无缝钢管安装\r\n2.综合管架上安装\r\n3.φ108x4，S30408\r\n4.电弧焊","m",108,25.48,2751.84]
["124","低压不锈钢管","1.不锈钢无缝钢管安装\r\n2.综合管架上安装\r\n3.φ76x4，S30408\r\n4.电弧焊","m",144,{"v":13.2594,"d":"13.26"},{"v":1909.3536,"d":"1909.35"}]
["125","低压不锈钢管","1.不锈钢无缝钢管安装\r\n2.综合管架上安装\r\n3.φ57x3.5，S30408\r\n4.电弧焊","m",192,{"v":10.0548,"d":"10.05"},{"v":1930.5216,"d":"1930.52"}]
["126","低压不锈钢管","1.不锈钢无缝钢管安装\r\n2.综合管架上安装\r\n3.φ45x3.5，S30408\r\n4.电弧焊","m",60,{"v":8.6632,"d":"8.66"},{"v":519.792,"d":"519.79"}]
["127","低压不锈钢管","1.不锈钢无缝钢管安装\r\n2.综合管架上安装\r\n3.φ32x3.5，S30408\r\n4.电弧焊","m",12,5.88,70.56]
["128","低压不锈钢管件","1.90°弯头安装\r\n2.综合管架上安装\r\n3.90EL150Ⅱx4.5，S30408\r\n4.氩弧焊","个",20,{"v":182.3192,"d":"182.32"},{"v":3646.384,"d":"3646.38"}]
["129","低压不锈钢管件","1.90°弯头安装\r\n2.综合管架上安装\r\n3.90EL125Ⅱx4.5，S30408\r\n4.电弧焊","个",12,{"v":137.45479999999998,"d":"137.45"},{"v":1649.4575999999997,"d":"1649.46"}]
["130","低压不锈钢管件","1.90°弯头安装\r\n2.综合管架上安装\r\n3.90EL125Ⅱx4，S30408\r\n4.电弧焊","个",6,{"v":137.45479999999998,"d":"137.45"},{"v":824.7287999999999,"d":"824.73"}]
["131","低压不锈钢管件","1.90°弯头安装\r\n2.综合管架上安装\r\n3.90EL100Ⅱx4，S30408\r\n4.电弧焊","个",6,{"v":106.428,"d":"106.43"},{"v":638.568,"d":"638.57"}]
["132","低压不锈钢管件","1.90°弯头安装\r\n2.综合管架上安装\r\n3.90EL65Ⅱx4，S30408\r\n4.电弧焊","个",14,{"v":64.1704,"d":"64.17"},{"v":898.3856000000001,"d":"898.39"}]
["133","低压不锈钢管件","1.90°弯头安装\r\n2.综合管架上安装\r\n3.90EL50Ⅱx3.5，S30408\r\n4.电弧焊","个",28,{"v":42.4144,"d":"42.41"},{"v":1187.6032,"d":"1187.60"}]
["134","低压不锈钢管件","1.90°异径弯头安装\r\n2.综合管架上安装\r\n3.90ELR50x25Ⅱx3.5，S30408\r\n4.电弧焊","个",4,{"v":42.4144,"d":"42.41"},{"v":169.6576,"d":"169.66"}]
["135","低压不锈钢管件","1.90°弯头安装\r\n2.综合管架上安装\r\n3.90EL40Ⅱx3.5，S30408\r\n4.电弧焊","个",10,{"v":35.3976,"d":"35.40"},{"v":353.976,"d":"353.98"}]
["136","低压不锈钢管件","1.90°弯头安装\r\n2.综合管架上安装\r\n3.90EL25Ⅱx3.5，S30408\r\n4.电弧焊","个",8,{"v":21.246399999999998,"d":"21.25"},{"v":169.97119999999998,"d":"169.97"}]
["137","低压不锈钢管件","1.异径三通安装\r\n2.综合管架上安装\r\n3.TR150x150x125Ⅱx4.5，S30408\r\n4.氩弧焊","个",1,{"v":182.3192,"d":"182.32"},{"$f":"F137*E137","v":{"v":182.3192,"d":"182.32"}}]
["138","低压不锈钢管件","1.异径三通安装\r\n2.综合管架上安装\r\n3.TR150x150x65Ⅱx4.5，S30408\r\n4.氩弧焊","个",2,{"v":182.3192,"d":"182.32"},{"v":364.6384,"d":"364.64"}]
["139","低压不锈钢管件","1.异径三通安装\r\n2.综合管架上安装\r\n3.TR150x150x50Ⅱx4.5，S30408\r\n4.氩弧焊","个",1,{"v":182.3192,"d":"182.32"},{"v":182.3192,"d":"182.32"}]
["140","低压不锈钢管件","1.异径三通安装\r\n2.综合管架上安装\r\n3.TR150x150x40Ⅱx4.5，S30408\r\n4.氩弧焊","个",1,{"v":182.3192,"d":"182.32"},{"v":182.3192,"d":"182.32"}]
["141","低压不锈钢管件","1.偏心异径管安装\r\n2.综合管架上安装\r\n3.RE150x125Ⅱx4.5，S30408\r\n4.氩弧焊","个",1,{"v":182.3192,"d":"182.32"},{"v":182.3192,"d":"182.32"}]
["142","低压不锈钢管件","1.偏心异径管安装\r\n2.综合管架上安装\r\n3.RE150x100Ⅱx4.5，S30408\r\n4.氩弧焊","个",1,{"v":182.3192,"d":"182.32"},{"v":182.3192,"d":"182.32"}]
["143","低压不锈钢管件","1.异径三通安装\r\n2.综合管架上安装\r\n3.TR125x125x50Ⅱx4.5，S30408\r\n4.电弧焊","个",1,{"v":137.45479999999998,"d":"137.45"},{"v":137.45479999999998,"d":"137.45"}]
["144","低压不锈钢管件","1.等径三通安装\r\n2.综合管架上安装\r\n3.TS65Ⅱx4，S30408\r\n4.电弧焊","个",1,{"v":64.1704,"d":"64.17"},{"v":64.1704,"d":"64.17"}]
["145","低压不锈钢管件","1.等径三通安装\r\n2.综合管架上安装\r\n3.TS50Ⅱx3.5，S30408\r\n4.电弧焊","个",2,{"v":42.4144,"d":"42.41"},{"v":84.8288,"d":"84.83"}]
["146","低压法兰阀门","1.钢制不锈钢截止阀安装\r\n2.综合管架上安装\r\n3.DN125 PN16 J41H-16P\r\n4.法兰连接","个",2,{"v":136.32780000000002,"d":"136.33"},{"v":272.65560000000005,"d":"272.66"}]
["147","低压法兰阀门","1.钢制不锈钢截止阀安装\r\n2.综合管架上安装\r\n3.DN100 PN16 J41H-16P\r\n4.法兰连接","个",1,{"v":121.422,"d":"121.42"},{"v":121.422,"d":"121.42"}]
["148","低压法兰阀门","1.钢制不锈钢截止阀安装\r\n2.综合管架上安装\r\n3.DN65 PN16 J41H-16P\r\n4.法兰连接","个",3,{"v":45.373999999999995,"d":"45.37"},{"v":136.12199999999999,"d":"136.12"}]
["149","低压法兰阀门","1.钢制不锈钢截止阀安装\r\n2.综合管架上安装\r\n3.DN50 PN16 J41H-16P\r\n4.法兰连接","个",6,{"v":33.8786,"d":"33.88"},{"v":203.27159999999998,"d":"203.27"}]
["150","低压法兰阀门","1.钢制不锈钢截止阀安装\r\n2.综合管架上安装\r\n3.DN40 PN16 J41H-16P\r\n4.法兰连接","个",1,{"v":32.467400000000005,"d":"32.47"},{"v":32.467400000000005,"d":"32.47"}]
["151","低压不锈钢法兰","1.不锈钢对焊法兰安装\r\n2.DN125 PN16 S30408\r\n3.采用D型进金属缠绕垫片\r\n4.电弧焊","副",2,{"v":420.6062,"d":"420.61"},{"v":841.2124,"d":"841.21"}]
["152","低压不锈钢法兰","1.不锈钢对焊法兰安装\r\n2.DN100 PN16 S30408\r\n3.采用D型进金属缠绕垫片\r\n4.电弧焊","副",1,{"v":360.395,"d":"360.40"},{"v":360.395,"d":"360.40"}]
["153","低压不锈钢法兰","1.不锈钢对焊法兰安装\r\n2.DN65 PN16 S30408\r\n3.采用D型进金属缠绕垫片\r\n4.电弧焊","副",3,{"v":197.6758,"d":"197.68"},{"v":593.0274000000001,"d":"593.03"}]
["154","低压不锈钢法兰","1.不锈钢对焊法兰安装\r\n2.DN50 PN16 S30408\r\n3.采用D型进金属缠绕垫片\r\n4.电弧焊","副",6,{"v":164.6008,"d":"164.60"},{"v":987.6048,"d":"987.60"}]
["155","低压不锈钢法兰","1.不锈钢对焊法兰安装\r\n2.DN40 PN16 S30408\r\n3.采用D型进金属缠绕垫片\r\n4.电弧焊","副",1,{"v":140.483,"d":"140.48"},{"v":140.483,"d":"140.48"}]
["156","管道压力试验","1.管道压力实验\r\n2.DN200以内","m",733,{"v":5.3389999999999995,"d":"5.34"},{"v":3913.4869999999996,"d":"3913.49"}]
["157","管道压力试验","1.管道压力实验\r\n2.DN100以内","m",252,{"v":3.8569999999999993,"d":"3.86"},{"v":971.9639999999998,"d":"971.96"}]
["158","管道压力试验","1.管道压力实验\r\n2.DN50以内","m",264,{"v":3.1159999999999997,"d":"3.12"},{"v":822.6239999999999,"d":"822.62"}]
["159","管道系统吹扫","1.管道水冲洗\r\n2.DN200以内","m",733,{"v":6.583499999999999,"d":"6.58"},{"v":4825.705499999999,"d":"4825.71"}]
["160","管道系统吹扫","1.管道水冲洗\r\n2.DN100以内","m",252,{"v":3.3534999999999995,"d":"3.35"},{"v":845.0819999999999,"d":"845.08"}]
["161","管道系统吹扫","1.管道水冲洗\r\n2.DN50以内","m",264,{"v":2.3655,"d":"2.37"},{"v":624.492,"d":"624.49"}]
[1.7,"SA浓硫酸管道"]
["162","低压不锈钢管","1.不锈钢无缝钢管安装\r\n2.综合管架上安装\r\n3.φ89x4.5，S31603\r\n4.氩弧焊","m",1560,{"v":16.4997,"d":"16.50"},{"v":25739.532000000003,"d":"25739.53"}]
["163","低压不锈钢管件","1.90°弯头安装\r\n2.综合管架上安装\r\n3.90EL80Ⅱx4.5，S31603\r\n4.氩弧焊","个",80,{"v":83.41029999999999,"d":"83.41"},{"v":6672.824,"d":"6672.82"}]
["164","管道压力试验","1.管道液压实验\r\n2.DN100以内","m",1560,{"v":3.9381999999999997,"d":"3.94"},{"v":6143.592,"d":"6143.59"}]
["165","管道系统吹扫","1.管道空气吹扫\r\n2.DN100以内","m",1560,{"v":1.8623999999999998,"d":"1.86"},{"v":2905.3439999999996,"d":"2905.34"}]
["166","管道压力试验","1.管道泄漏性试验\r\n2.DN100以内","m",1560,{"v":3.4532,"d":"3.45"},{"v":5386.991999999999,"d":"5386.99"}]
[null,"一标段小计",{"$nulls":4},{"$f":"SUM(G8:G167)","v":{"v":319788.82774,"d":"319788.83"}}]
["二标段"]
[2.1,"PG02侧吹炉二次风、PG03烟化炉工艺风"]
["108","低压碳钢管","1.焊接钢管安装\r\n2.综合管架上安装\r\n3.φ720x11，Q235-B\r\n4.电弧焊","m",216,{"v":122.8528,"d":"122.85"},{"v":26536.2048,"d":"26536.20"}]
["109","低压碳钢管","1.焊接钢管安装\r\n2.综合管架上安装\r\n3.φ530x10，Q235-B\r\n4.电弧焊","m",216,{"v":77.9884,"d":"77.99"},{"v":16845.4944,"d":"16845.49"}]
["110","低压碳钢管件","1.90°弯头安装\r\n2.综合管架上安装\r\n3.90EL700Ⅱx11，Q235-B\r\n4.电弧焊","个",6,{"v":1034.3998,"d":"1034.40"},{"v":6206.398799999999,"d":"6206.40"}]
["111","低压碳钢管件","1.90°弯头安装\r\n2.综合管架上安装\r\n3.90EL500Ⅱx10，Q235-B\r\n4.电弧焊","个",6,{"v":551.1912000000001,"d":"551.19"},{"v":3307.1472000000003,"d":"3307.15"}]
["112","管道压力试验","1.管道气压试验\r\n2.DN700\r\n3.采用无油干燥压缩空气或氮气","m",216,{"v":10.9564,"d":"10.96"},{"v":2366.5824000000002,"d":"2366.58"}]
["113","管道压力试验","1.管道气压试验\r\n2.DN500\r\n3.采用无油干燥压缩空气或氮气","m",216,{"v":7.6734,"d":"7.67"},{"v":1657.4544,"d":"1657.45"}]
["114","管道系统吹扫","1.管道压缩气体吹扫\r\n2.DN700\r\n3.采用无油干燥压缩空气或氮气","m",126,{"v":8.0262,"d":"8.03"},{"v":1011.3011999999999,"d":"1011.30"}]
["115","管道系统吹扫","1.管道压缩气体吹扫\r\n2.DN500\r\n3.采用无油干燥压缩空气或氮气","m",126,{"v":4.704,"d":"4.70"},{"v":592.704,"d":"592.70"}]
[2.2,"DMW除盐水、CWP凝结水"]
["116","低压碳钢管","1.无缝钢管安装\r\n2.综合管架上安装\r\n3.φ108x4.5，20#\r\n4.电弧焊","m",2136,{"v":17.2186,"d":"17.22"},{"v":36778.929599999996,"d":"36778.93"}]
["117","低压碳钢管件","1.90°弯头安装\r\n2.综合管架上安装\r\n3.90EL100Ⅱx4.5，20#\r\n4.电弧焊","个",100,{"v":82.9472,"d":"82.95"},8294.72]
["118","管道压力试验","1.管道液压实验\r\n2.DN100以内","m",2136,{"v":3.9787999999999997,"d":"3.98"},{"v":8498.7168,"d":"8498.72"}]
["119","管道系统吹扫","1.管道水冲洗\r\n2.DN100以内","m",2136,{"v":3.4593999999999996,"d":"3.46"},{"v":7389.278399999999,"d":"7389.28"}]
[2.3,"HP双氧水管道"]
["167","低压不锈钢管","1.不锈钢无缝钢管安装\r\n2.综合管架上安装\r\n3.φ25x3.5，S31603\r\n4.氩弧焊","m",270,{"v":5.2477,"d":"5.25"},{"v":1416.879,"d":"1416.88"}]
["168","低压不锈钢管件","1.90°弯头安装\r\n2.综合管架上安装\r\n3.90EL20Ⅱx3.5，S31603\r\n4.氩弧焊","个",10,{"v":18.362099999999998,"d":"18.36"},{"v":183.62099999999998,"d":"183.62"}]
["169","管道压力试验","1.管道液压实验\r\n2.DN20","m",270,{"v":3.1815999999999995,"d":"3.18"},{"v":859.0319999999999,"d":"859.03"}]
["170","管道系统吹扫","1.管道水冲洗\r\n2.DN20","m",270,{"v":2.4153000000000002,"d":"2.42"},{"v":652.1310000000001,"d":"652.13"}]
["171","管道压力试验","1.管道泄漏性试验\r\n2.DN20","m",270,{"v":2.8129999999999997,"d":"2.81"},{"v":759.5099999999999,"d":"759.51"}]
[2.4,"CWS、CWR循环水管道"]
["190","低压碳钢管","1.焊接钢管安装\r\n2.综合管架上安装\r\n3.φ820x11，Q235-B\r\n4.电弧焊","m",90,{"v":134.66439999999997,"d":"134.66"},{"v":12119.795999999997,"d":"12119.80"}]
["191","低压碳钢管","1.焊接钢管安装\r\n2.综合管架上安装\r\n3.φ720x11，Q235-B\r\n4.电弧焊","m",90,{"v":117.8384,"d":"117.84"},{"v":10605.456,"d":"10605.46"}]
["192","低压碳钢管","1.焊接钢管安装\r\n2.综合管架上安装\r\n3.φ530x10，Q235-B\r\n4.电弧焊","m",108,{"v":74.8052,"d":"74.81"},{"v":8078.9616,"d":"8078.96"}]
["193","低压碳钢管","1.焊接钢管安装\r\n2.综合管架上安装\r\n3.φ426x10，Q235-B\r\n4.电弧焊","m",108,{"v":55.50699999999999,"d":"55.51"},{"v":5994.755999999999,"d":"5994.76"}]
["194","低压碳钢管","1.焊接钢管安装\r\n2.综合管架上安装\r\n3.φ159x4.5，Q235-B\r\n4.电弧焊","m",150,{"v":22.9266,"d":"22.93"},{"v":3438.9900000000002,"d":"3438.99"}]
["195","低压碳钢管","1.焊接钢管安装\r\n2.综合管架上安装\r\n3.φ133x4.5，Q235-B\r\n4.电弧焊","m",150,{"v":19.8528,"d":"19.85"},{"v":2977.9199999999996,"d":"2977.92"}]
["196","低压碳钢管","1.焊接钢管安装\r\n2.综合管架上安装\r\n3.φ89x4，Q235-B\r\n4.电弧焊","m",36,{"v":10.0298,"d":"10.03"},{"v":361.0728,"d":"361.07"}]
["197","低压碳钢管","1.焊接钢管安装\r\n2.综合管架上安装\r\n3.φ76x4，Q235-B\r\n4.电弧焊","m",264,{"v":8.469399999999998,"d":"8.47"},{"v":2235.9215999999997,"d":"2235.92"}]
["198","低压碳钢管","1.焊接钢管安装\r\n2.综合管架上安装\r\n3.φ45x3.5，Q235-B\r\n4.电弧焊","m",300,{"v":5.546,"d":"5.55"},{"v":1663.8000000000002,"d":"1663.80"}]
["199","低压碳钢管","1.焊接钢管安装\r\n2.综合管架上安装\r\n3.φ32x3.5，Q235-B\r\n4.电弧焊","m",12,{"v":4.4274,"d":"4.43"},{"v":53.1288,"d":"53.13"}]
["200","低压碳钢管件","1.90°弯头安装\r\n2.综合管架上安装\r\n3.W90EL800Ⅱx11，Q235-B\r\n4.电弧焊","个",2,{"v":1133.9219999999998,"d":"1133.92"},{"$f":"F201*E201","v":{"v":2267.8439999999996,"d":"2267.84"}}]
["201","低压碳钢管件","1.90°弯头安装\r\n2.综合管架上安装\r\n3.W90EL700Ⅱx11，Q235-B\r\n4.电弧焊","个",2,{"v":921.3127999999999,"d":"921.31"},{"v":1842.6255999999998,"d":"1842.63"}]
["202","低压碳钢管件","1.90°弯头安装\r\n2.综合管架上安装\r\n3.W90EL500Ⅱx10，Q235-B\r\n4.电弧焊","个",2,{"v":528.6936000000001,"d":"528.69"},{"v":1057.3872000000001,"d":"1057.39"}]
["203","低压碳钢管件","1.90°弯头安装\r\n2.综合管架上安装\r\n3.W90EL400Ⅱx10，Q235-B\r\n4.电弧焊","个",2,{"v":390.17519999999996,"d":"390.18"},{"v":780.3503999999999,"d":"780.35"}]
["204","低压碳钢管件","1.90°弯头安装\r\n2.综合管架上安装\r\n3.W90EL150Ⅱx4.5，Q235-B\r\n4.电弧焊","个",8,{"v":119.87819999999999,"d":"119.88"},{"v":959.0255999999999,"d":"959.03"}]
["205","低压碳钢管件","1.90°弯头安装\r\n2.综合管架上安装\r\n3.W90EL125Ⅱx4.5，Q235-B\r\n4.电弧焊","个",8,{"v":89.958,"d":"89.96"},{"v":719.664,"d":"719.66"}]
["206","低压碳钢管件","1.90°弯头安装\r\n2.综合管架上安装\r\n3.W90EL80Ⅱx4，Q235-B\r\n4.电弧焊","个",4,{"v":58.09199999999999,"d":"58.09"},{"v":232.36799999999997,"d":"232.37"}]
["207","低压碳钢管件","1.90°弯头安装\r\n2.综合管架上安装\r\n3.W90EL65Ⅱx4，Q235-B\r\n4.电弧焊","个",16,{"v":49.632,"d":"49.63"},{"v":794.112,"d":"794.11"}]
["208","低压碳钢管件","1.90°异径弯头安装\r\n2.综合管架上安装\r\n3.90ELR65x25Ⅱx4，Q235-B\r\n4.电弧焊","个",4,{"v":49.632,"d":"49.63"},{"v":198.528,"d":"198.53"}]
["209","低压碳钢管件","1.90°弯头安装\r\n2.综合管架上安装\r\n3.W90EL40Ⅱx3.5，Q235-B\r\n4.电弧焊","个",32,{"v":28.8486,"d":"28.85"},{"v":923.1552,"d":"923.16"}]
["210","低压碳钢管件","1.偏心异径管安装\r\n2.综合管架上安装\r\n3.WRE800x500Ⅱx11，Q235-B\r\n4.电弧焊","个",1,{"v":1133.9219999999998,"d":"1133.92"},{"v":1133.9219999999998,"d":"1133.92"}]
["211","低压碳钢管件","1.偏心异径管安装\r\n2.综合管架上安装\r\n3.WRE80x65Ⅱx4，Q235-B\r\n4.电弧焊","个",2,{"v":58.09199999999999,"d":"58.09"},{"v":116.18399999999998,"d":"116.18"}]
["212","低压碳钢管件","1.等径三通安装\r\n2.综合管架上安装\r\n3.WTS800Ⅱx11，Q235-B\r\n4.电弧焊","个",1,{"v":1133.9219999999998,"d":"1133.92"},{"v":1133.9219999999998,"d":"1133.92"}]
["213","低压碳钢管件","1.等径三通安装\r\n2.综合管架上安装\r\n3.WTS80Ⅱx4，Q235-B\r\n4.电弧焊","个",2,{"v":58.09199999999999,"d":"58.09"},{"v":116.18399999999998,"d":"116.18"}]
["214","低压碳钢管件","1.等径三通安装\r\n2.综合管架上安装\r\n3.WTS40Ⅱx3.5，Q235-B\r\n4.电弧焊","个",2,{"v":28.8486,"d":"28.85"},{"v":57.6972,"d":"57.70"}]
["215","低压法兰阀门","1.蝶阀安装\r\n2.综合管架上安装\r\n3.DN100 PN10 D371X-10\r\n4.法兰连接","个",1,{"v":116.466,"d":"116.47"},{"v":116.466,"d":"116.47"}]
["216","低压法兰阀门","1.蝶阀安装\r\n2.综合管架上安装\r\n3.DN800 PN10 D371X-10\r\n4.法兰连接","个",1,{"v":1214.9217999999998,"d":"1214.92"},{"v":1214.9217999999998,"d":"1214.92"}]
["217","低压法兰阀门","1.蝶阀安装\r\n2.综合管架上安装\r\n3.DN700 PN10 D371X-10\r\n4.法兰连接","个",1,{"v":985.0166,"d":"985.02"},{"v":985.0166,"d":"985.02"}]
["218","低压法兰阀门","1.蝶阀安装\r\n2.综合管架上安装\r\n3.DN500 PN10 D371X-10\r\n4.法兰连接","个",1,{"v":575.4774,"d":"575.48"},{"v":575.4774,"d":"575.48"}]
["219","低压法兰阀门","1.蝶阀安装\r\n2.综合管架上安装\r\n3.DN400 PN10 D371X-10\r\n4.法兰连接","个",1,{"v":438.1904,"d":"438.19"},{"v":438.1904,"d":"438.19"}]
["220","低压法兰阀门","1.蝶阀安装\r\n2.综合管架上安装\r\n3.DN150 PN10 D371X-10\r\n4.法兰连接","个",1,{"v":137.4468,"d":"137.45"},{"v":137.4468,"d":"137.45"}]
["221","低压法兰阀门","1.蝶阀安装\r\n2.综合管架上安装\r\n3.DN125 PN10 D371X-10\r\n4.法兰连接","个",1,{"v":130.76340000000002,"d":"130.76"},{"v":130.76340000000002,"d":"130.76"}]
["222","低压法兰阀门","1.蝶阀安装\r\n2.综合管架上安装\r\n3.DN65 PN10 D371X-10\r\n4.法兰连接","个",2,{"v":43.52199999999999,"d":"43.52"},{"v":87.04399999999998,"d":"87.04"}]
["223","低压法兰阀门","1.蝶阀安装\r\n2.综合管架上安装\r\n3.DN40 PN10 D371X-10\r\n4.法兰连接","个",6,{"v":31.1422,"d":"31.14"},{"v":186.8532,"d":"186.85"}]
["224","低压碳钢焊接法兰","1.碳钢对焊法兰安装\r\n2.综合管架上安装\r\n3.DN800 PN10\r\n4.柔性石墨复合垫片\r\n5.电弧焊","副",1,{"v":4033.8596,"d":"4033.86"},{"v":4033.8596,"d":"4033.86"}]
["225","低压碳钢焊接法兰","1.碳钢对焊法兰安装\r\n2.综合管架上安装\r\n3.DN700 PN10\r\n4.柔性石墨复合垫片\r\n5.电弧焊","副",1,{"v":3641.7574,"d":"3641.76"},{"v":3641.7574,"d":"3641.76"}]
["226","低压碳钢焊接法兰","1.碳钢对焊法兰安装\r\n2.综合管架上安装\r\n3.DN500 PN10\r\n4.柔性石墨复合垫片\r\n5.电弧焊","副",1,{"v":1668.0769999999998,"d":"1668.08"},{"v":1668.0769999999998,"d":"1668.08"}]
["227","低压碳钢焊接法兰","1.碳钢对焊法兰安装\r\n2.综合管架上安装\r\n3.DN400 PN10\r\n4.柔性石墨复合垫片\r\n5.电弧焊","副",1,{"v":1295.1789999999999,"d":"1295.18"},{"v":1295.1789999999999,"d":"1295.18"}]
["228","低压碳钢焊接法兰","1.碳钢对焊法兰安装\r\n2.综合管架上安装\r\n3.DN150 PN10\r\n4.柔性石墨复合垫片\r\n5.电弧焊","副",1,{"v":382.6928,"d":"382.69"},{"v":382.6928,"d":"382.69"}]
["229","低压碳钢焊接法兰","1.碳钢对焊法兰安装\r\n2.综合管架上安装\r\n3.DN125 PN10\r\n4.柔性石墨复合垫片\r\n5.电弧焊","副",1,{"v":281.42659999999995,"d":"281.43"},{"v":281.42659999999995,"d":"281.43"}]
["230","低压碳钢焊接法兰","1.碳钢对焊法兰安装\r\n2.综合管架上安装\r\n3.DN65 PN10\r\n4.柔性石墨复合垫片\r\n5.电弧焊","副",2,{"v":167.46099999999998,"d":"167.46"},{"v":334.92199999999997,"d":"334.92"}]
["231","低压碳钢焊接法兰","1.碳钢对焊法兰安装\r\n2.综合管架上安装\r\n3.DN40 PN10\r\n4.柔性石墨复合垫片\r\n5.电弧焊","副",6,{"v":119.145,"d":"119.15"},714.87]
["232","管道压力试验","1.管道液压实验\r\n2.DN800以内","m",180,{"v":18.4992,"d":"18.50"},{"v":3329.8559999999998,"d":"3329.86"}]
["233","管道压力试验","1.管道液压实验\r\n2.DN500以内","m",108,{"v":11.693599999999998,"d":"11.69"},{"v":1262.9087999999997,"d":"1262.91"}]
["234","管道压力试验","1.管道液压实验\r\n2.DN400以内","m",108,{"v":9.437599999999998,"d":"9.44"},{"v":1019.2607999999998,"d":"1019.26"}]
["235","管道压力试验","1.管道液压实验\r\n2.DN200以内","m",300,{"v":5.2828,"d":"5.28"},1584.84]
["236","管道压力试验","1.管道液压实验\r\n2.DN100以内","m",300,{"v":3.8163999999999993,"d":"3.82"},{"v":1144.9199999999998,"d":"1144.92"}]
["237","管道压力试验","1.管道液压实验\r\n2.DN50以内","m",312,{"v":3.0831999999999997,"d":"3.08"},{"v":961.9583999999999,"d":"961.96"}]
["238","管道系统吹扫","1.管道水冲洗\r\n2.DN800以内","m",90,{"v":60.394999999999996,"d":"60.40"},{"v":5435.549999999999,"d":"5435.55"}]
["239","管道系统吹扫","1.管道水冲洗\r\n2.DN700以内","m",90,{"v":49.0586,"d":"49.06"},{"v":4415.273999999999,"d":"4415.27"}]
["240","管道系统吹扫","1.管道水冲洗\r\n2.DN500以内","m",108,{"v":26.9874,"d":"26.99"},{"v":2914.6392,"d":"2914.64"}]
["241","管道系统吹扫","1.管道水冲洗\r\n2.DN400以内","m",108,{"v":18.4616,"d":"18.46"},{"v":1993.8528000000001,"d":"1993.85"}]
["242","管道系统吹扫","1.管道水冲洗\r\n2.DN200以内","m",300,{"v":6.5142,"d":"6.51"},1954.26]
["243","管道系统吹扫","1.管道水冲洗\r\n2.DN100以内","m",300,{"v":3.3181999999999996,"d":"3.32"},{"v":995.4599999999999,"d":"995.46"}]
["244","管道系统吹扫","1.管道水冲洗\r\n2.DN50以内","m",312,{"v":2.3406000000000002,"d":"2.34"},{"v":730.2672000000001,"d":"730.27"}]
[2.5,"PW生产水"]
["245","低压碳钢管","1.焊接钢管安装\r\n2.综合管架上安装\r\n3.φ57x3.5，Q235-B\r\n4.电弧焊","m",150,{"v":6.3073999999999995,"d":"6.31"},{"v":946.1099999999999,"d":"946.11"}]
["246","低压碳钢管件","1.90°弯头安装\r\n2.综合管架上安装\r\n3.W90EL50Ⅱx3.5，Q235-B\r\n4.电弧焊","个",8,{"v":34.8364,"d":"34.84"},{"v":278.6912,"d":"278.69"}]
["247","低压碳钢管件","1.对焊接管座安装\r\n2.综合管架上安装\r\n3.WOL200x50Ⅱ-STD，Q235-B\r\n4.电弧焊","个",1,{"v":162.8362,"d":"162.84"},{"v":162.8362,"d":"162.84"}]
["248","低压法兰阀门","1.蝶阀安装\r\n2.综合管架上安装\r\n3.DN50 PN10 D371X-10\r\n4.法兰连接","个",1,{"v":32.495799999999996,"d":"32.50"},{"v":32.495799999999996,"d":"32.50"}]
["249","低压碳钢焊接法兰","1.碳钢对焊法兰安装\r\n2.综合管架上安装\r\n3.DN50 PN10\r\n4.柔性石墨复合垫片\r\n5.电弧焊","副",1,{"v":169.6606,"d":"169.66"},{"v":169.6606,"d":"169.66"}]
["250","管道压力试验","1.管道压力实验\r\n2.DN50以内","m",150,{"v":3.0831999999999997,"d":"3.08"},{"v":462.47999999999996,"d":"462.48"}]
["251","管道系统吹扫","1.管道水冲洗\r\n2.DN50以内","m",150,{"v":2.3406000000000002,"d":"2.34"},{"v":351.09000000000003,"d":"351.09"}]
[2.6,"生活水"]
["257","钢管","1.热镀锌焊接钢管安装\r\n2.综合管架上安装\r\n3.DN100，Q235-B\r\n4.电弧焊","m",500,{"v":21.507199999999997,"d":"21.51"},{"v":10753.599999999999,"d":"10753.60"}]
["258","管道消毒冲洗","1.生活水管道消毒冲洗\r\n2.DN100","m",500,{"v":0.8178,"d":"0.82"},{"v":408.9,"d":"408.90"}]
[null,"二标段小计",{"$nulls":4},{"$f":"SUM(G171:G256)","v":{"v":240752.75199999992,"d":"240752.75"}}]
["三标段"]
[3.1,"PL01-PL03含锌溶液管"]
["172","衬里钢管预制安装","1.衬塑钢管安装\r\n2.成品管道法兰连接\r\n3.DN100，PN10 UHMW-PE/20\r\n4.综合管架上安装\r\n5.钢衬塑（90EL100ⅡPN10）90°弯头48个，","m",930,{"v":32.623000000000005,"d":"32.62"},{"$f":"F260*E260","v":{"v":30339.390000000003,"d":"30339.39"}}]
["173","管道压力试验","1.管道液压实验\r\n2.DN100以内","m",930,{"v":3.8569999999999993,"d":"3.86"},{"v":3587.0099999999993,"d":"3587.01"}]
["174","管道系统吹扫","1.管道水冲洗\r\n2.DN100以内","m",930,{"v":3.3534999999999995,"d":"3.35"},{"v":3118.7549999999997,"d":"3118.76"}]
[3.2,"PL04-PL06废水及回用水管道"]
["175","低压碳钢管","1.焊接钢管安装\r\n2.综合管架上安装\r\n3.φ108x4，Q235-B\r\n4.电弧焊","m",108,{"v":16.691499999999998,"d":"16.69"},{"v":1802.6819999999998,"d":"1802.68"}]
["176","低压碳钢管","1.焊接钢管安装\r\n2.综合管架上安装\r\n3.φ89x4，Q235-B\r\n4.电弧焊","m",600,{"v":10.1365,"d":"10.14"},{"v":6081.9,"d":"6081.90"}]
["177","低压碳钢管件","1.90°弯头安装\r\n2.综合管架上安装\r\n3.W90EL100Ⅱx4，Q235-B\r\n4.电弧焊","个",12,{"v":80.408,"d":"80.41"},{"v":964.896,"d":"964.90"}]
["178","低压碳钢管件","1.90°弯头安装\r\n2.综合管架上安装\r\n3.W90EL80Ⅱx4，Q235-B\r\n4.电弧焊","个",24,{"v":58.709999999999994,"d":"58.71"},1409.04]
["179","低压碳钢管件","1.异径三通安装\r\n2.综合管架上安装\r\n3.WTR200x200x100Ⅱx6，Q235-B\r\n4.电弧焊","个",1,{"v":164.56849999999997,"d":"164.57"},{"v":164.56849999999997,"d":"164.57"}]
["180","低压碳钢管件","1.等径三通安装\r\n2.综合管架上安装\r\n3.WTS80Ⅱx4，Q235-B\r\n4.电弧焊","个",2,{"v":58.709999999999994,"d":"58.71"},{"v":117.41999999999999,"d":"117.42"}]
["181","低压法兰阀门","1.蝶阀安装\r\n2.综合管架上安装\r\n3.DN100 PN10 D371X-10\r\n4.法兰连接","个",1,{"v":117.705,"d":"117.71"},{"v":117.705,"d":"117.71"}]
["182","低压法兰阀门","1.蝶阀安装\r\n2.综合管架上安装\r\n3.DN80 PN10 D371X-10\r\n4.法兰连接","个",2,{"v":47.9655,"d":"47.97"},{"v":95.931,"d":"95.93"}]
["183","低压碳钢焊接法兰","1.碳钢对焊法兰安装\r\n2.综合管架上安装\r\n3.DN100 PN10\r\n4.柔性石墨复合垫片\r\n5.电弧焊","副",1,{"v":246.867,"d":"246.87"},{"v":246.867,"d":"246.87"}]
["184","低压碳钢焊接法兰","1.碳钢对焊法兰安装\r\n2.综合管架上安装\r\n3.DN80 PN10\r\n4.柔性石墨复合垫片\r\n5.电弧焊","副",2,{"v":164.4735,"d":"164.47"},{"v":328.947,"d":"328.95"}]
["185","管道压力试验","1.管道液压实验\r\n2.DN100以内","m",708,{"v":3.8569999999999993,"d":"3.86"},{"v":2730.7559999999994,"d":"2730.76"}]
["186","管道系统吹扫","1.管道水冲洗\r\n2.DN100以内","m",708,{"v":3.3534999999999995,"d":"3.35"},{"v":2374.278,"d":"2374.28"}]
[3.3,"PL07废酸管"]
["187","衬里钢管预制安装","1.衬塑钢管安装\r\n2.成品管道法兰连接\r\n3.DN50，PN10 钢衬PO\r\n4.综合管架上安装\r\n5.钢衬PO（90EL50Ⅱ）90°弯头16个","m",240,{"v":20.672,"d":"20.67"},4961.28]
["188","管道压力试验","1.管道液压实验\r\n2.DN50以内","m",240,{"v":3.1159999999999997,"d":"3.12"},{"v":747.8399999999999,"d":"747.84"}]
["189","管道系统吹扫","1.管道水冲洗\r\n2.DN50以内","m",240,{"v":2.3655,"d":"2.37"},567.72]
[3.4,"PC煤粉输送管"]
["252","低压碳钢管","1.无缝钢管安装\r\n2.综合管架上安装\r\n3.φ159x8，10#\r\n4.氩电联焊","m",150,{"v":24.863,"d":"24.86"},3729.45]
["253","低压铸铁管件","1.90°法兰弯头安装\r\n2.综合管架上安装\r\n3.90EL150Ⅱx8，内衬陶瓷大曲率半径\r\n4.法兰连接","个",12,{"v":6.081799999999999,"d":"6.08"},{"v":72.98159999999999,"d":"72.98"}]
["254","低压碳钢焊接法兰","1.碳钢对焊法兰安装\r\n2.综合管架上安装\r\n3.DN150 PN10\r\n4.柔性石墨复合垫片\r\n5.氩电联焊","副",12,{"v":409.7836,"d":"409.78"},{"v":4917.4032,"d":"4917.40"}]
["255","管道压力试验","1.管道压力实验\r\n2.DN150","m",150,{"v":5.2828,"d":"5.28"},792.42]
["256","管道系统吹扫","1.管道水冲洗\r\n2.DN150","m",150,{"v":6.5142,"d":"6.51"},977.13]
[null,"三标段小计",{"$nulls":4},{"$f":"SUM(G259:G285)","v":{"v":70246.3703,"d":"70246.37"}}]
["四标段"]
[4.1,"附件安装、防腐保温等附属工作"]
["259","低压法兰阀门","1.液体流量计安装\r\n2.DN150 PN10\r\n3.法兰连接\r\n4.主材甲供","个",{"v":1,"d":"1.00"},{"v":135.9846,"d":"135.98"},{"$f":"F289*E289","v":{"v":135.9846,"d":"135.98"}}]
["260","低压碳钢焊接法兰","1.碳钢对焊法兰安装\r\n2.综合管架上安装\r\n3.DN150 PN10\r\n4.柔性石墨复合垫片\r\n5.电弧焊","副",{"v":1,"d":"1.00"},{"v":559.0416,"d":"559.04"},{"$f":"F290*E290","v":{"v":559.0416,"d":"559.04"}}]
["261","低压法兰阀门","1.压缩空气孔板流量计安装\r\n2.DN150 PN16\r\n3.法兰连接\r\n4.主材甲供","个",{"v":1,"d":"1.00"},{"v":135.9846,"d":"135.98"},{"v":135.9846,"d":"135.98"}]
["262","低压不锈钢法兰","1.不锈钢对焊法兰安装\r\n2.DN150 PN16 S30408\r\n3.采用D型进金属缠绕垫片\r\n4.氩电联焊","副",{"v":1,"d":"1.00"},{"v":566.6582999999999,"d":"566.66"},{"v":566.6582999999999,"d":"566.66"}]
["263","低压法兰阀门","1.液体流量计安装\r\n2.DN100 PN10\r\n3.法兰连接\r\n4.主材甲供","个",{"v":2,"d":"2.00"},{"v":115.22700000000002,"d":"115.23"},{"v":230.45400000000004,"d":"230.45"}]
["264","低压碳钢焊接法兰","1.碳钢对焊法兰安装\r\n2.综合管架上安装\r\n3.DN100 PN10\r\n4.柔性石墨复合垫片\r\n5.电弧焊","副",{"v":2,"d":"2.00"},{"v":241.66980000000004,"d":"241.67"},{"v":483.3396000000001,"d":"483.34"}]
["265","低压法兰阀门","1.空压机出口流量计安装\r\n2.DN200 PN16\r\n3.法兰连接\r\n4.主材甲供","个",{"v":1,"d":"1.00"},{"v":207.8364,"d":"207.84"},{"v":207.8364,"d":"207.84"}]
["266","低压不锈钢法兰","1.不锈钢对焊法兰安装\r\n2.DN200 PN16 S30408\r\n3.采用D型进金属缠绕垫片\r\n4.氩电联焊","副",{"v":1,"d":"1.00"},{"v":837.2232,"d":"837.22"},{"v":837.2232,"d":"837.22"}]
["267","低压法兰阀门","1.侧吹炉一次风用压缩空气孔板流量计安装\r\n2.综合管架上安装\r\n3.DN250 PN16\r\n4.法兰连接\r\n5.主材甲供","个",{"v":1,"d":"1.00"},{"v":287.8722,"d":"287.87"},{"v":287.8722,"d":"287.87"}]
["268","低压碳钢焊接法兰","1.碳钢对焊法兰安装\r\n2.综合管架上安装\r\n3.DN250 PN16\r\n4.D型金属缠绕垫片\r\n5.氩电联焊","副",{"v":1,"d":"1.00"},{"v":771.342,"d":"771.34"},{"v":771.342,"d":"771.34"}]
["269","低压法兰阀门","1.氧气孔板流量计安装\r\n2.综合管架上安装\r\n3.DN600\r\n4.法兰连接\r\n5.主材甲供","个",{"v":1,"d":"1.00"},{"v":758.0988,"d":"758.10"},{"v":758.0988,"d":"758.10"}]
["270","低压不锈钢法兰","1.不锈钢平焊法兰安装\r\n2.DN600 PN10 S30408\r\n3.采用四氟垫片\r\n4.焊接","副",{"v":1,"d":"1.00"},{"v":1683.0396,"d":"1683.04"},{"v":1683.0396,"d":"1683.04"}]
["271","管口焊接充氩气保护","1.焊口充氩气保护\r\n2.DN400","口",{"v":13,"d":"13.00"},47.43,616.59]
["272","管口焊接充氩气保护","1.焊口充氩气保护\r\n2.DN300以内","口",{"v":69,"d":"69.00"},{"v":35.470200000000006,"d":"35.47"},{"v":2447.4438000000005,"d":"2447.44"}]
["273","管口焊接充氩气保护","1.焊口充氩气保护\r\n2.DN200以内","口",{"v":121,"d":"121.00"},{"v":28.774200000000004,"d":"28.77"},{"v":3481.6782000000003,"d":"3481.68"}]
["274","管口焊接充氩气保护","1.焊口充氩气保护\r\n2.DN100以内","口",{"v":139,"d":"139.00"},{"v":24.0684,"d":"24.07"},{"v":3345.5076,"d":"3345.51"}]
["275","管口焊接充氩气保护","1.焊口充氩气保护\r\n2.DN50以内","口",{"v":126,"d":"126.00"},{"v":22.2828,"d":"22.28"},{"v":2807.6328000000003,"d":"2807.63"}]
["276","焊缝X射线探伤","1.X射线探伤\r\n2.有效胶片尺寸80mm×300mm\r\n3.管双壁厚(mm以内) 16以内","张",{"v":523,"d":"523.00"},{"v":31.319999999999997,"d":"31.32"},{"v":16380.359999999999,"d":"16380.36"}]
["277","焊缝X射线探伤","1.X射线探伤\r\n2.有效胶片尺寸80mm×150mm\r\n3.管双壁厚(mm以内) 16以内","张",{"v":588,"d":"588.00"},{"v":29.618999999999996,"d":"29.62"},{"v":17415.971999999998,"d":"17415.97"}]
["278","焊缝磁粉探伤","1.管口磁粉探伤\r\n2.DN350以上","口",{"v":3,"d":"3.00"},{"v":9.693,"d":"9.69"},{"v":29.079,"d":"29.08"}]
["279","焊缝磁粉探伤","1.管口磁粉探伤\r\n2.DN150以内","口",{"v":33,"d":"33.00"},{"v":4.563000000000001,"d":"4.56"},{"v":150.579,"d":"150.58"}]
["280","焊缝渗透探伤","1.管口渗透探伤\r\n2.DN200以内","口",{"v":3,"d":"3.00"},{"v":24.633000000000003,"d":"24.63"},{"v":73.899,"d":"73.90"}]
["281","焊缝渗透探伤","1.管口渗透探伤\r\n2.DN100以内","口",{"v":8,"d":"8.00"},{"v":12.177,"d":"12.18"},{"v":97.416,"d":"97.42"}]
["282","高效隔热管托安装","1.高效隔热滑动管托安装\r\n2.DN300、H=150、L=600\r\n3.参照图纸","套",{"v":13,"d":"13.00"},{"v":393.6969,"d":"393.70"},{"v":5118.059700000001,"d":"5118.06"}]
["283","高效隔热管托安装","1.高效隔热固定管托安装\r\n2.DN300、H=150、L=500\r\n3.参照图纸","套",{"v":4,"d":"4.00"},{"v":299.8715,"d":"299.87"},{"v":1199.486,"d":"1199.49"}]
["284","高效隔热管托安装","1.高效隔热滑动管托安装\r\n2.DN300、H=150、L=400\r\n3.参照图纸","套",{"v":4,"d":"4.00"},{"v":239.88700000000003,"d":"239.89"},{"v":959.5480000000001,"d":"959.55"}]
["285","高效隔热管托安装","1.高效隔热固定管托安装\r\n2.DN250、H=150、L=500\r\n3.参照图纸","套",{"v":1,"d":"1.00"},{"v":269.875,"d":"269.88"},{"v":269.875,"d":"269.88"}]
["286","高效隔热管托安装","1.高效隔热滑动管托安装\r\n2.DN250、H=150、L=400\r\n3.参照图纸","套",{"v":5,"d":"5.00"},{"v":239.88700000000003,"d":"239.89"},{"v":1199.4350000000002,"d":"1199.44"}]
["287","高效隔热管托安装","1.高效隔热固定管托安装\r\n2.DN200、H=150、L=500\r\n3.参照图纸","套",{"v":1,"d":"1.00"},{"v":239.88700000000003,"d":"239.89"},{"v":239.88700000000003,"d":"239.89"}]
["288","高效隔热管托安装","1.高效隔热滑动管托安装\r\n2.DN200、H=150、L=400\r\n3.参照图纸","套",{"v":5,"d":"5.00"},{"v":209.899,"d":"209.90"},{"v":1049.495,"d":"1049.50"}]
["289","高效隔热管托安装","1.高效隔热固定管托安装\r\n2.DN150、H=150、L=500\r\n3.参照图纸","套",{"v":2,"d":"2.00"},{"v":209.899,"d":"209.90"},{"v":419.798,"d":"419.80"}]
["290","高效隔热管托安装","1.高效隔热滑动管托安装\r\n2.DN150、H=150、L=400\r\n3.参照图纸","套",{"v":12,"d":"12.00"},{"v":179.91949999999997,"d":"179.92"},{"v":2159.0339999999997,"d":"2159.03"}]
["291","高效隔热管托安装","1.高效隔热固定管托安装\r\n2.DN100、H=100、L=400\r\n3.参照图纸","套",{"v":4,"d":"4.00"},149.94,599.76]
["292","高效隔热管托安装","1.高效隔热滑动管托安装\r\n2.DN100、H=100、L=300\r\n3.参照图纸","套",{"v":46,"d":"46.00"},{"v":119.94350000000001,"d":"119.94"},{"v":5517.401000000001,"d":"5517.40"}]
["293","高效隔热管托安装","1.高效隔热固定管托安装\r\n2.DN80、H=100、L=400\r\n3.参照图纸","套",{"v":8,"d":"8.00"},{"v":131.94549999999998,"d":"131.95"},{"v":1055.5639999999999,"d":"1055.56"}]
["294","高效隔热管托安装","1.高效隔热滑动管托安装\r\n2.DN80、H=100、L=300\r\n3.参照图纸","套",{"v":101,"d":"101.00"},107.95,10902.95]
["295","保温单管单拉杆轻载长管夹弹簧吊架安装","1.保温单管单拉杆轻载长管夹弹簧吊架\r\n2.DN80","套",{"v":1,"d":"1.00"},{"v":5.1987000000000005,"d":"5.20"},{"v":5.1987000000000005,"d":"5.20"}]
["296","管道支吊架制作与安装","1.碳钢支吊架制作安装\r\n2.综合管架上安装\r\n3.Q235B和20#","kg",{"v":3277,"d":"3277.00"},{"v":6.345,"d":"6.35"},{"v":20792.565,"d":"20792.57"}]
["297","管道支吊架制作与安装","1.不锈钢支吊架制作安装\r\n2.综合管架上安装\r\n3.S30408","kg",{"v":467,"d":"467.00"},7.11,{"v":3320.3700000000003,"d":"3320.37"}]
["298","喷射除锈","1.管道喷砂除锈\r\n2.除锈等级Sa2.5级","m2",{"v":1422,"d":"1422.00"},{"v":25.703999999999997,"d":"25.70"},{"v":36551.087999999996,"d":"36551.09"}]
["299","喷射除锈","1.一般钢结构喷砂除锈\r\n2.除锈等级Sa2.5级","kg",{"v":3277,"d":"3277.00"},{"v":1.9888,"d":"1.99"},{"v":6517.2976,"d":"6517.30"}]
["300","管道防腐蚀","1.管道道刷环氧磷酸锌底漆二遍、干漆膜厚度不小于100μm，环氧云铁中间漆一遍、干漆膜厚度不小于50μm，脂肪族聚氨酯面漆二遍、干漆膜厚度不小于80μm","m2",{"v":1173,"d":"1173.00"},{"v":49.4032,"d":"49.40"},{"v":57949.9536,"d":"57949.95"}]
["301","管道刷油","1.管道外表面刷有机硅耐热底漆二遍，干漆膜厚度不小于50μm","m2",{"v":250,"d":"250.00"},{"v":7.9728,"d":"7.97"},{"v":1993.2,"d":"1993.20"}]
["302","一般钢结构防腐蚀","1.一般钢结构刷环氧磷酸锌底漆二遍、干漆膜厚度不小于100μm，环氧云铁中间漆一遍、干漆膜厚度不小于50μm，脂肪族聚氨酯面漆二遍、干漆膜厚度不小于80μm","kg",{"v":3277,"d":"3277.00"},{"v":2.4904,"d":"2.49"},{"v":8161.040800000001,"d":"8161.04"}]
["303","管道绝热","1.高温玻璃棉管壳保温\r\n2.管径DN500以内\r\n3.厚度40mm、30mm","m3",{"v":17,"d":"17.00"},{"v":635.2016000000001,"d":"635.20"},{"v":10798.427200000002,"d":"10798.43"}]
["304","管道绝热","1.高温玻璃棉管壳保温\r\n2.管径DN300以内\r\n3.厚度40mm、30mm","m3",{"v":43,"d":"43.00"},{"v":742.8344,"d":"742.83"},{"v":31941.8792,"d":"31941.88"}]
["305","管道绝热","1.高温玻璃棉管壳保温\r\n2.管径DN50以内\r\n3.厚度40mm、30mm","m3",{"v":24,"d":"24.00"},{"v":1008.8408000000001,"d":"1008.84"},{"v":24212.179200000002,"d":"24212.18"}]
["306","管道绝热","1.高温玻璃棉管壳保温\r\n2.管径DN125以内\r\n3.厚度40mm、30mm","m3",0.24,{"v":789.8176,"d":"789.82"},{"v":189.556224,"d":"189.56"}]
["307","防潮层、保护层","1.反辐射层安装\r\n2.耐高温铝箔玻纤布","m2",{"v":2770,"d":"2770.00"},{"v":12.2408,"d":"12.24"},{"v":33907.016,"d":"33907.02"}]
["308","防潮层、保护层","1.保护层安装\r\n2.铝合金板δ=0.7mm","m2",{"v":1381,"d":"1381.00"},{"v":27.242499999999996,"d":"27.24"},{"v":37621.892499999994,"d":"37621.89"}]
[null,"四标段小计",{"$nulls":4},{"$f":"SUM(G289:G338)","v":{"v":358154.989024,"d":"358154.99"}}]
["报\n价\n汇\n总","一标段","大写："]
[null,null,"小写："]
[null,"二标段","大写："]
[null,null,"小写："]
[null,"三标段","大写："]
[null,null,"小写："]
[null,"四标段","大写："]
[null,null,"小写："]
[null,"说明：1、上述报价包含材料、设备的卸车、倒运、制作安装、试车及措施等费用。"]
[null,"      2、每项投标单价不得高于最高限价的单价。"]
[{"$nulls":3},"投标单位（章）：                          "]
[{"$nulls":3},"法人代表：                                                     "]
[{"$nulls":3},"日    期：                           "]
["说明"]
[]
["                                     "]
["                                             "]
["                                                 "]